01060 a2200217 45000010006000000050017000060080041000230030015000640400040000790800046001192450065001650200018002302640044002483000019002925050363003110410008006741000022006827000019007047000024007238560095007475716220260407155834.0260407a2003 arg spa dAR-UNSa-BCEJYS aAR-UNSa-BCEJYSbspacAR-UNSa-BCEJYS a37xEducación. Enseñanza. Formación10aEstudios de educaciónpun examén desde Platón a Piaget a84-95294-49-4 1aBuenos Aires :bMiño y Dávilac2003 a203 p.c21 cm. a1. Platón. Dialéctica de la elevación y mundo sensible – 2. Aristóteles. Educación y habito – 3. Rousseau. El Emilio y la conquista de la universalidad interior – 4. Piaget. Examen crítico de los motivos piagetianos de la formación moral en el niño – 5. Contribuciones criticas sobre los caminos y posibilidades de la educación hoy  aspa1 aDi Carlo, Enrique1 aGamba, Ricardo1 aBurlastegui, Marisa41uhttps://biblioeco.unsa.edu.ar/pmb/images/libros/L128732.jpgyImagen de portadaqimage/jpeg